An introduction to the calculus of variations (Record no. 2382)
[ view plain ]
| 000 -LEADER | |
|---|---|
| fixed length control field | 00518nam a2200181Ia 4500 |
| 003 - CONTROL NUMBER IDENTIFIER | |
| control field | IN-BaIIA |
| 008 - FIXED-LENGTH DATA ELEMENTS--GENERAL INFORMATION | |
| fixed length control field | 211028s9999 xx 000 0 eng d |
| 040 ## - CATALOGING SOURCE | |
| Transcribing agency | IIA Library |
| 080 ## - UNIVERSAL DECIMAL CLASSIFICATION NUMBER | |
| Universal Decimal Classification number | 517.27 |
| Item number | PAR |
| 100 ## - MAIN ENTRY--PERSONAL NAME | |
| Personal name | Pars, L. A. |
| 9 (RLIN) | 4267 |
| 245 #3 - TITLE STATEMENT | |
| Title | An introduction to the calculus of variations |
| Statement of responsibility, etc. | L. A. Pars |
| 260 ## - PUBLICATION, DISTRIBUTION, ETC. | |
| Place of publication, distribution, etc. | Heinemann |
| Date of publication, distribution, etc. | 1962 |
| 300 ## - PHYSICAL DESCRIPTION | |
| Extent | xi, 350p. |
| 650 ## - SUBJECT ADDED ENTRY--TOPICAL TERM | |
| Topical term or geographic name entry element | Calculus |
| 9 (RLIN) | 1611 |
| 650 ## - SUBJECT ADDED ENTRY--TOPICAL TERM | |
| Topical term or geographic name entry element | Differential Calculus |
| 650 ## - SUBJECT ADDED ENTRY--TOPICAL TERM | |
| Topical term or geographic name entry element | NASA Thesaurus |
| 942 ## - ADDED ENTRY ELEMENTS (KOHA) | |
| Koha item type | Books |
| Withdrawn status | Lost status | Damaged status | Not for loan | Home library | Current library | Shelving location | Date acquired | Cost, normal purchase price | Total Checkouts | Full call number | Barcode | Date last seen | Cost, replacement price | Price effective from | Koha item type | Purchase Price |
|---|---|---|---|---|---|---|---|---|---|---|---|---|---|---|---|---|
| IIA Library-Bangalore | IIA Library-Bangalore | General Stacks | 06/04/1965 | 29.70 | 517.27/ PAR | 2663 | 05/11/2021 | 29.70 | 06/04/1965 | Books | Rs. 29.70 |